Directors-General of the WHO by Country - Statistics

General Stats
  • This quiz has been taken 5 times
  • The average score is 6 of 9
Answer Stats
Countries % Correct
Brazil
100%
Ethiopia
100%
South Korea
100%
Canada
60%
China
60%
Japan
60%
Norway
60%
Sweden
60%
Denmark
40%
No matching quizzes found
Score Distribution
Percent of People with Each Score
Percentile by Number Answered
Your Score History
You have not taken this quiz